Вып. 3 (67) : Канатные дороги (вопросы расчета опор и привода); Труды Всесоюзного научно-исследовательского института подъемно-транспортного машиностроения (ВНИИПТМАШ)

書誌詳細
Parent link:Труды Всесоюзного научно-исследовательского института подъемно-транспортного машиностроения (ВНИИПТМАШ): [сборник]/ Всесоюзный научно-исследовательский институт подъемно-транспортного машиностроения (ВНИИПТМАШ). Вып. 3 (67) : Канатные дороги (вопросы расчета опор и привода).— , 1960-
その他の著者: Барат И. Е. (редактор)
言語:ロシア語
出版事項: 1966
主題:
フォーマット: 図書
KOHA link:https://koha.lib.tpu.ru/cgi-bin/koha/opac-detail.pl?biblionumber=333623

MARC

LEADER 00000nam2a2200000 4500
001 333623
005 20231102004556.0
035 |a (RuTPU)RU\TPU\book\359636 
090 |a 333623 
100 |a 20170621d1966 k y0rusy50 ca 
101 0 |a rus 
102 |a RU 
105 |a a z 001zy 
200 0 |a Вып. 3 (67) : Канатные дороги (вопросы расчета опор и привода)  |f под ред. И. Е. Барата 
210 |d 1966 
215 |a 98 с.  |c ил. 
320 |a Библиогр. в конце ст. 
461 1 |0 (RuTPU)RU\TPU\book\164893  |t Труды Всесоюзного научно-исследовательского института подъемно-транспортного машиностроения (ВНИИПТМАШ)  |o [сборник]  |f Всесоюзный научно-исследовательский институт подъемно-транспортного машиностроения (ВНИИПТМАШ)  |v Вып. 3 (67) : Канатные дороги (вопросы расчета опор и привода)  |d 1960-  
606 1 |a Канатные дороги, подвесные  |2 stltpush  |3 (RuTPU)RU\TPU\subj\75132  |9 87003 
610 1 |a опоры 
610 1 |a приводы 
610 1 |a расчеты 
610 1 |a трение 
610 1 |a нагрузки 
675 |a 625.5  |v 4 
702 1 |a Барат  |b И. Е.  |4 340 
801 1 |a RU  |b 63413507  |c 20170621 
801 2 |a RU  |b 63413507  |c 20200218  |g RCR 
942 |c BK